|
|
|
|
| LEADER |
00000cam a22000004a 4500 |
| 001 |
musev2_74249 |
| 003 |
MdBmJHUP |
| 005 |
20230905051707.0 |
| 006 |
m o d |
| 007 |
cr||||||||nn|n |
| 008 |
970729s1995 mx o 00 0 spa d |
| 020 |
|
|
|a 9786075641058
|
| 020 |
|
|
|z 9789681206642
|
| 035 |
|
|
|a (OCoLC)1109725684
|
| 040 |
|
|
|a MdBmJHUP
|c MdBmJHUP
|
| 100 |
1 |
|
|a Bazant, Jan.
|
| 245 |
1 |
0 |
|a Cinco haciendas mexicanas :
|b tres siglos de vida rural en San Luis Potosí, 1600-1910 /
|c Jan Bazant.
|
| 250 |
|
|
|a 3a ed.
|
| 264 |
|
1 |
|a Mexico, D.F. :
|b Colegio de Mexico,
|c 1995.
|
| 264 |
|
3 |
|a Baltimore, Md. :
|b Project MUSE,
|c 2020
|
| 264 |
|
4 |
|c ©1995.
|
| 300 |
|
|
|a 1 online resource:
|b illustrations, maps ;
|
| 336 |
|
|
|a text
|b txt
|2 rdacontent
|
| 337 |
|
|
|a computer
|b c
|2 rdamedia
|
| 338 |
|
|
|a online resource
|b cr
|2 rdacarrier
|
| 490 |
0 |
|
|a Nueva serie / Centro de Estudios Históricos ;
|v 20
|
| 506 |
0 |
|
|a Open Access
|f Unrestricted online access
|2 star
|
| 588 |
|
|
|a Description based on print version record.
|
| 650 |
|
7 |
|a Travel.
|2 fast
|0 (OCoLC)fst01155558
|
| 650 |
|
7 |
|a Rural conditions.
|2 fast
|0 (OCoLC)fst01101474
|
| 650 |
|
7 |
|a Haciendas.
|2 fast
|0 (OCoLC)fst00950082
|
| 650 |
|
0 |
|a Haciendas
|z Mexico
|z San Luis Potosí (State)
|x History.
|
| 651 |
|
7 |
|a Mexico
|z San Luis Potosí (State)
|2 fast
|0 (OCoLC)fst01330438
|
| 651 |
|
0 |
|a San Luis Potosí (Mexico : State)
|x Description and travel.
|
| 651 |
|
0 |
|a San Luis Potosí (Mexico : State)
|x Rural conditions.
|
| 655 |
|
7 |
|a History.
|2 fast
|0 (OCoLC)fst01411628
|
| 655 |
|
7 |
|a Electronic books.
|2 local
|
| 710 |
2 |
|
|a Project Muse.
|e distributor
|
| 830 |
|
0 |
|a Book collections on Project MUSE.
|
| 856 |
4 |
0 |
|z Texto completo
|u https://projectmuse.uam.elogim.com/book/74249/
|